Statistics for Seas or Bays by City

Click here to take the quiz!

General Stats

  • This quiz has been taken 23 times
  • The average score is 13 of 20

Answer Stats

HintAnswer% Correct
BakuCaspian Sea
89%
HelsinkiBaltic Sea
83%
DohaPersian Gulf
83%
ChennaiBay of Bengal
78%
AqabaRed Sea
78%
VarnaBlack Sea
72%
DubrovnikAdriatic Sea
67%
TromsøNorwegian Sea
67%
MontevideoRio de la Plata
67%
ArkhangelskWhite Sea
67%
Fort-de-FranceCaribbean Sea
61%
CataniaIonian Sea
61%
DalianYellow Sea
61%
MuscatGulf of Oman
56%
NuukLabrador Sea
56%
SydneyTasman Sea
56%
GijónBay of Biscay
44%
Porto-NovoGulf of Guinea
44%
DarwinTimor Sea
39%
BostonGulf of Maine
33%

Score Distribution

Percentile by Number Answered

Percent of People with Each Score

Your Score History

You have not taken this quiz